Rey Mysterio's WrestleMania Opponents - Statistics

General Stats
  • This quiz has been taken 280 times
    15 since last reset
  • The average score is 16 of 27
Answer Stats
WrestleMania Opponent % Correct
WrestleMania 39 Dominik Mysterio
92%
WrestleMania XL Dominik Mysterio
92%
WrestleMania 21 Eddie Guerrero
92%
WrestleMania 22 Randy Orton
92%
WrestleMania 42** Penta
85%
WrestleMania XX* Chavo Guerrero
77%
WrestleMania XXVI CM Punk
77%
WrestleMania 25 John Bradshaw Layfield
77%
WrestleMania 22 Kurt Angle
77%
WrestleMania 38 The Miz
69%
WrestleMania XIX Matt Hardy
62%
WrestleMania 42** Dragon Lee
54%
WrestleMania 42** Je'Von Evans
54%
WrestleMania 42** Rusev
54%
WrestleMania XX* Ultimo Dragon
54%
WrestleMania XXVII Cody Rhodes
46%
WrestleMania XX* Jamie Noble
46%
WrestleMania 38 Logan Paul
46%
WrestleMania 35 Samoa Joe
46%
WrestleMania XX* Tajiri
46%
WrestleMania XX* Billy Kidman
38%
WrestleMania 42** JD McDonagh
38%
WrestleMania XL Santos Escobar
38%
WrestleMania XX* Akio
31%
WrestleMania XX* Funaki
31%
WrestleMania XX* Nunzio
23%
WrestleMania XX* Shannon Moore
23%
No matching quizzes found
Score Distribution
Percent of People with Each Score
Percentile by Number Answered
Your Score History
You have not taken this quiz since the last reset